Gastgeberländer Fußball-Europameisterschaft - Statistiken

Allgemein
  • Dieses Quiz wurde 49 mal gespielt
  • Das Durchschnittsergebnis liegt bei 16 aus 20
Antwortstatistiken
Jahre Gastgeberland % Korrekt
1960; 1984; 2016 Frankreich
97%
1996; 2020 England
95%
1988; 2020; 2024 Westdeutschland / Deutschland
95%
2012 Polen
92%
2004 Portugal
92%
1968; 1980, 2020 Italien
90%
1992 Schweden
90%
1964; 2020 Spanien
90%
2012 Ukraine
90%
2020 Dänemark
87%
2000; 2020 Niederlande
87%
2008 Österreich
87%
2008 Schweiz
87%
1972; 2000 Belgien
85%
2020 Russland
79%
2020 Ungarn
69%
1976 Jugoslawien
62%
2020 Rumänien
59%
2020 Schottland
56%
2020 Aserbaidschan
41%
Keine übereinstimmenden Quizze gefunden
Verteilung der Resultate
Anzahl Personen mit jedem Resultat
Perzentil nach korrekt beantworteten Fragen
Ihre Resultats-Entwicklung
Sie haben dieses Quiz noch nicht gespielt